Animaux en anglais - Statistiques

Statistiques générales
  • Ce quiz a été pris 147 fois
  • Le résultat moyen est 48 sur 182
Statistiques - réponses
Groups Français Anglais % Correct
Mammifères Chat Cat
99%
Mammifères Chien Dog
99%
Mammifères Lion Lion
92%
Mammifères Tigre Tiger
92%
Mammifères Loup Wolf
89%
Mammifères Souris Mouse
77%
Mammifères Vache Cow
74%
Mammifères Singe Monkey
73%
Mammifères Cochon Pig
73%
Mammifères Rat Rat
73%
Mammifères Ours Bear
72%
Mammifères Cheval Horse
72%
Mammifères Lynx Lynx
72%
Reptiles / Amphibiens Crocodile Crocodile
70%
Reptiles / Amphibiens Serpent Snake
70%
Poissons Poisson Fish
69%
Mammifères Lapin Rabbit
68%
Mammifères Zèbre Zebra
68%
Mammifères Dauphin Dolphin
67%
Mammifères Éléphant Elephant
67%
Reptiles / Amphibiens Cobra Cobra
65%
Reptiles / Amphibiens Anaconda Anaconda
64%
Mammifères Renard Fox
64%
Mammifères Girafe Giraffe
63%
Reptiles / Amphibiens Alligator Alligator
62%
Mammifères Chauve-souris Bat
62%
Mammifères Jaguar Jaguar
62%
Mammifères Léopard Leopard
60%
Reptiles / Amphibiens Tortue Turtle
60%
Oiseaux Aigle Eagle
58%
Reptiles / Amphibiens Python Python
58%
Poissons Saumon Salmon
58%
Poissons Requin Shark
58%
Insectes / Arthropodes Araignée Spider
58%
Mammifères Chameau Camel
57%
Mammifères Gorille Gorilla
57%
Mammifères Mouton Sheep
57%
Insectes / Arthropodes Abeille Bee
56%
Insectes / Arthropodes Fourmi Ant
55%
Oiseaux Canard Duck
55%
Reptiles / Amphibiens Grenouille Frog
54%
Mammifères Écureuil Squirrel
53%
Poissons Poisson-chat Catfish
52%
Mammifères Chèvre Goat
52%
Insectes / Arthropodes Papillion Butterfly
51%
Mammifères Baleine Whale
50%
Mammifères Âne Donkey
46%
Mammifères Hyène Hyena
46%
Mammifères Ours polaire Polar bear
45%
Poissons Crabe Crab
44%
Mammifères Hippopotame Hippopotamus
44%
Insectes / Arthropodes Mouche Fly
41%
Poissons Thon Tuna
41%
Oiseaux Faucon Falcon
39%
Mammifères Rhinocéros Rhinoceros
39%
Mammifères Cerf Deer
38%
Reptiles / Amphibiens Lézard Lizard
38%
Insectes / Arthropodes Moustique Mosquito
37%
Insectes / Arthropodes Coccinellle Lady bug
36%
Oiseaux Pigeon Pigeon
35%
Mammifères Raton-laveur Raccoon
34%
Reptiles / Amphibiens Iguane Iguana
33%
Mammifères Kangourou Kangaroo
32%
Insectes / Arthropodes Escargot Snail
32%
Mammifères Taureau Bull
31%
Poissons Poulpe Octopus
30%
Reptiles / Amphibiens Salamandre Salamander
29%
Poissons Étoile de mer Starfish
29%
Oiseaux Ara Ara
28%
Mammifères Hérisson Hedgehog
28%
Mammifères Buffle Buffalo
27%
Mammifères Bison Bison
26%
Poissons Poisson-clown Clownfish
26%
Mammifères Guépard Cheetah
25%
Oiseaux Corneille Crow
25%
Mammifères Orque Orca
25%
Poissons Crevette Shrimp
25%
Poissons Méduse Jellyfish
23%
Poissons Carpe Carp
21%
Mammifères Phoque Seal
21%
Insectes / Arthropodes Guêpe Wasp
21%
Insectes / Arthropodes Ver de terre Earthworm
20%
Mammifères Lièvre Hare
20%
Oiseaux Perroquet Parrot
20%
Oiseaux Cygne Swan
20%
Oiseaux Flamant rose Flamingo
19%
Mammifères Loutre Otter
19%
Mammifères Élan Moose
18%
Insectes / Arthropodes Criquet Cricket
17%
Mammifères Renne Reindeer
17%
Mammifères Castor Beaver
16%
Mammifères Lama Llama
16%
Oiseaux Corbeau Raven
16%
Reptiles / Amphibiens Crapaud Toad
16%
Oiseaux Chouette Owl
15%
Oiseaux Pélican Pelican
15%
Oiseaux Dindon Turkey
15%
Mammifères Chimpanzé Chimpanzee
14%
Insectes / Arthropodes Libellule Dragonfly
13%
Oiseaux Autruche Ostrich
13%
Poissons Perche Perch
13%
Poissons Calmar Squid
13%
Mammifères Blaireau Badger
12%
Insectes / Arthropodes Sauterelle Grasshopper
12%
Mammifères Orang-Outan Orangutan
12%
Oiseaux Toucan Toucan
12%
Reptiles / Amphibiens Caméléon Chameleon
10%
Insectes / Arthropodes Cafard Cockroach
10%
Mammifères Marmotte Marmot
10%
Mammifères Chamois Chamois
9%
Oiseaux Vautour Vulture
9%
Insectes / Arthropodes Scarabée Beetle
8%
Insectes / Arthropodes Chenille Caterpillar
8%
Mammifères Furet Ferret
8%
Mammifères Grizzly Grizzly bear
8%
Insectes / Arthropodes Termite Termite
8%
Mammifères Fourmilier Anteater
7%
Insectes / Arthropodes Bourdon Bumblebee
7%
Poissons Anguille Eel
7%
Oiseaux Moineau Sparrow
7%
Poissons Truite Trout
7%
Oiseaux Émeu Emu
6%
Insectes / Arthropodes Frelon Hornet
6%
Mammifères Antilope Antelope
5%
Poissons Morue Cod
5%
Oiseaux Geai Jay
5%
Mammifères Porc-épic Porcupine
5%
Insectes / Arthropodes Limace Slug
5%
Poissons Espadon Swordfish
5%
Oiseaux Épervier Hawk
4%
Mammifères Belette Weasel
4%
Poissons Requin-marteau Hammerhead shark
3%
Oiseaux Balbuzard pêcheur Osprey
3%
Oiseaux Rouge-gorge Robin
3%
Poissons Oursin Urchin
3%
Oiseaux Albatros Albatross
2%
Oiseaux Grue Crane
2%
Mammifères Dromadaire Dromedary
2%
Poissons Hareng Herring
2%
Poissons Maquereau Mackerel
2%
Insectes / Arthropodes Asticot Maggot
2%
Mammifères Lamantin Manatee
2%
Oiseaux Pingouin Auk
1%
Oiseaux Merle Blackbird
1%
Oiseaux Buse Buzzard
1%
Insectes / Arthropodes Mille-pattes Centipede
1%
Insectes / Arthropodes Taon Cleg
1%
Oiseaux Coucou Cuckoo
1%
Oiseaux Pic vert Green woodpecker
1%
Poissons Colin Hake
1%
Poissons Poisson-lune Mola
1%
Oiseaux Faisan Pheasant
1%
Mammifères Putois Polecat
1%
Insectes / Arthropodes Mante religieuse Praying mantis
1%
Mammifères Chevreuil Roe deer
1%
Oiseaux Mouette rieuse Black-headed gull
0%
Oiseaux Rougequeue noir Black redstart
0%
Oiseaux Bouvreuil Bullfinch
0%
Oiseaux Héron garde-bœufs Cattle egret
0%
Oiseaux Pinson des arbres Chaffinch
0%
Oiseaux Cormoran Cormorant
0%
Insectes / Arthropodes Bousier Dung beetle
0%
Oiseaux Aigrette Egret
0%
Oiseaux Manchot empereur Emperor penguin
0%
Oiseaux Tourterelle turque Eurasian collared dove
0%
Oiseaux Loriot d'Europe Eurasian golden oriole
0%
Oiseaux Guêpier d'Europe European bee-eater
0%
Poissons Dorade Gilthead
0%
Oiseaux Chardonneret Goldfinch
0%
Oiseaux Héron cendré Grey heron
0%
Oiseaux Huppe fasciée Hoopoe
0%
Oiseaux Choucas des tours Jackdaw
0%
Oiseaux Martin-pêcheur Kingfisher
0%
Oiseaux Milan Kite
0%
Oiseaux Perdrix Partridge
0%
Poissons Sardine Pilchard
0%
Mammifères Musaraigne Shrew
0%
Oiseaux Mésange Tit
0%
Oiseaux Fauvette Warbler
0%
Oiseaux Bergeronette grise White wagtail
0%
Insectes / Arthropodes Cloporte Woodlouse
0%
Oiseaux Pigeon ramier Wood pigeon
0%
Aucun quiz correspondant
Distribution des résultats
% des personnes avec chaque résultat
Percentile par nombre de réponses
Votre historique - résultats
Vous n’avez pas pris ce quiz